| 000 | 00524nam a22001937a 4500 | ||
|---|---|---|---|
| 999 |
_c6803 _d6803 |
||
| 003 | OSt | ||
| 005 | 20210309121750.0 | ||
| 008 | 210309b ||||| |||| 00| 0 eng d | ||
| 020 | _a0333679695 | ||
| 040 | _cDDC. | ||
| 082 | _a321.8GRU 2002. | ||
| 100 |
_aGrugel,Jean; _97076 |
||
| 245 |
_aDemocratization. _bA critical Introduction. |
||
| 260 |
_aNew York, _bPALGRAVE, _c2002 |
||
| 300 |
_axiii,273p; _bill, _c22cm. |
||
| 504 | _aincludes index, bibliography and index. | ||
| 650 |
_aDemocracy _91184 |
||
| 942 |
_2ddc _cO_SHELF |
||